000 00628nam a2200169 i 4500
001 109596
003 ES-MaACL
005 20230906184855.0
007 t|
008 061121s1902 sp r ||||1| spa d
100 1 _aOller Rabasa, José.
_986918
245 1 0 _aEstudio anatómico del oído medio y consideraciones que del mismo se desprenden
_b: Memoria leida en los ejercicios de doctorado /
_cpor José Oller Rabasa.
260 _aBarcelona :
_b[s.n.],
_c1902 (
_fImp. Elzeveriana de Borrás y Mestres)
300 _a33 p.,[6] p. de lám. ;
_c21 cm.
650 4 _aOído-
_xAnatomía.
_9154235
852 _aES-MaACL
_jT-1046-F-6
999 _c109596
_d109596